1390 1045 1405 1800 1498 1416 1150 1695 1835 1311 1721 1694 1781 1051 1139 1376 1378 1777 1887 1231 1955 1222 1755 1088 1770 1069 1608 1527 1374 1274 1973 1043 1071 1134 1397 1342 1013 1456 1481 1358 1946 1742 1191 1944 1847 1079 1868 1171 1945 1898 1671 1694 1804 1454 1696 1536 1240 1195 1546 1997 1356 1212 1200 1163 1688 1486 1299 1044 1330 1388 1310 1667 1202 1982 1000 1140 1055 1580 1736 1400 1804 1784 1066 1207 1326 1422 1520 1186 1951 1470 1146 1307 1964 1456 1631 1123 1743 1538 1735 BCNSPRNW ULIB Ver.6.0+V

เปลี่ยนเป็นภาษาไทย

Change to English
 แสดงรายละเอียดบรรณานุกรม
  กลับหน้าหลัก

Brief Record : Get Marc (ISO 2709) : E-mail record : QR code < ปิดหน้าต่าง
LEADER : 00000nam 2200000uu 4500
001    13399127447
003     ULIB
008    200525s2020||||th 000 0 tha d
020    ^a9780323554558
060 04 ^aWY152^bW852B
100 1  ^aWilliams, Patricia
245 10 ^aBasic geriatric nursing /^cPatricia Williams.
250    ^a6th ed.
260    ^aSt. Louis, Mo. :^bElsevier/Mosby,^c2020
300    ^axvi, 379 p. :^bill. (some col.) ;^c28 cm.
504    ^aIncludes bibliographical references and index
650  2 ^aAged
650  2 ^aAging
650  2 ^aGeriatric Nursing^xmethods
650  2 ^aNursing Care
945    ^p0^l0^i28328
999    ^aกัณชพร จุลอักษร
รายการนี้ยังไม่มีแท็ก
คุณยังไม่ได้ล็อกอิน คุณสามารถมีกิจกรรมร่วมกับเว็บไซต์ได้ แต่ต้องล็อกอินก่อน ::
  ล็อกอิน

รายการสื่อสารสนเทศ

ลำดับที่ ประเภท เลขเรียก/บาร์โค้ด สถานที่ สถานะ
1. หนังสือสำรอง
หนังสือสำรอง
WY152 W852B ฉ.1 
  Barcode: 28328
ห้องสมุดวิทยาเขตนครสวรรค์
►หนังสือทั่วไป:l:General Books
บนชั้น

รายการใกล้เคียง
    ผู้แต่ง [Williams, Patricia]

    หัวเรื่อง [Aged]
    หัวเรื่อง [Aging]
    หัวเรื่อง [Nursing Care]

BibComment


ยังไม่เคยถูกคอมเมนท์

คอมเมนท์ทรัพยากรรายการนี้
  คอมเมนท์: Basic geriatric ..


 Copyright 2026. Bcnsprnw @Library